Представление документа в формате RUSMARC

ПолеНазваниеЗначение
  Тип записи a
  Библиографический уровень a
001 Контрольный номер RU/CBS_UL/BASE/34be2ae7956344ed993c81cd5df2ae6f
005 Дата корректировки 20250321145010.9
100 Данные общей обработки __
a Данные общей обработки 20250321 ||| 0rusy0189 ca
101 Язык документа 0_
a Язык текста rus
102 Страна публикации __
a Страна публикации RU
200 Заглавие и сведения об ответственности 1_
a Заглавие Уральский колос
e Сведения, относящиеся к заглавию [строительство Уральского машиностроительного завода]
f Первые сведения об ответственности А. Аникин
300 Общие примечания __
a Общие примечания 16+
461 Уровень набора _0
1 2000
a Тайны СССР
463 Уровень физической единицы _0
1 2000
a № 4
v С. 6-7 : фото
1 2101
d 2025
1 001RU/CBS_UL/BASE/7c107a6106bc4e12989734a7f1aa07f4
606 Тематические рубрики 0_
a Основная рубрика Уральский машиностроительный завод (Екатеринбург, город)
y Географическая подрубрика Свердловск, город
610 Ключевые слова 0_
a Ключевые слова индустриализация
610 Ключевые слова 0_
a Ключевые слова индустриализация СССР
610 Ключевые слова 0_
a Ключевые слова машиностроительные заводы
610 Ключевые слова 0_
a Ключевые слова заводы машиностроительные
610 Ключевые слова 0_
a Ключевые слова Уралмаш (заводы)
686 Индексы других классификаций __
2 Код системы rubbk
a Классификационный индекс 65.305.42
700 Автор _1
a Фамилия Аникин
b Имя (инициалы) А.
801 Источник записи _0
a Страна RU
b Организация МБУК ЦБС г. Ульяновска
c Дата составления 20250321
g Правила каталогизации RCR
801 Источник записи _1
a Страна RU
b Организация МБУК ЦБС г. Ульяновска
c Дата составления 20250321
g Правила каталогизации RCR
901 Тип документа __
t Тип документа b
w Контрольный № источника RU/CBS_UL/BASE/7c107a6106bc4e12989734a7f1aa07f4
909 Создатель записи __
a Создатель записи lib2